000 00986nam a2200313 i 4500
001 000022387
003 DO-SdBNP
005 20250128085030.0
007 ta
008 101007s2009 dr 000 f spa d
020 _a9789945429152
040 _aDO-SdBNP
_bspa
_cBNPHU
_erda
041 _aspa
082 4 _aRD863.44
_bM632d
_222
100 1 _aMieses, Juan Carlos,
_d1947-
_eautor
_4aut.
_925472
245 1 3 _aEl día de todos /
_cJuan Carlos Mieses.
250 _aPrimera edición
264 4 _aSanto Domingo :
_bGrupo Santillana
_bAlfaguara,
_c©2009.
300 _a168 páginas
_c23 cm.
336 _atexto
_btxt
_2rdacontent
337 _asin mediación
_bn
_2rdamedia
338 _avolumen
_bnc
_2rdacarrier
500 _aIncluye datos biográficos del autor en la solapa de la cubierta.
590 _aInventariado, 2021/MFF
650 4 _aNovela dominicana
_9223
650 4 _aLiteratura dominicana.
_967
910 _aValidado. Control de calidad MFF
942 _2ddc
_cLBS1
999 _c21885
_d21885